Un día de furia fiscal (o de las paradojas del Régimen de Percepción de ISIB en PBA) (Registro nro. 13064)

Detalles MARC
000 -LEADER
fixed length control field 00397 a2200121 4500
001 - CONTROL NUMBER
control field ART_7829
005 - DATE AND TIME OF LATEST TRANSACTION
control field 20260410161638.0
008 - FIXED-LENGTH DATA ELEMENTS--GENERAL INFORMATION
fixed length control field 260409a
100 1# - MAIN ENTRY--PERSONAL NAME
Personal name Lorenzo, Armando
245 10 - TITLE STATEMENT
Title Un día de furia fiscal (o de las paradojas del Régimen de Percepción de ISIB en PBA)
700 1# - ADDED ENTRY--PERSONAL NAME
Personal name Cavalli, César M.
773 0# - HOST ITEM ENTRY
Title Consultor tributario
Related parts - Nº 13 (mar. 2008)
Record control number REV474

No hay ítems disponibles.